| 000 | 01068cam a2200325 i 4500 | ||
|---|---|---|---|
| 001 | 200444439 | ||
| 003 | TR-AnTOB | ||
| 005 | 20240924093055.0 | ||
| 007 | ta | ||
| 008 | 120920s2005 tu 0 t tu | ||
| 020 | _a9756195282 | ||
| 040 |
_aTR-AnTOB _beng _erda _cTR-AnTOB |
||
| 041 | 1 |
_atur _heng |
|
| 050 | 0 | 0 |
_aPR4571 _b.T8 2005 |
| 090 |
_aPR4571 _b.T8 2005 |
||
| 100 | 1 |
_aDickens, Charles, _d1812-1870 _9116968 _eauthor |
|
| 240 | 1 | 2 |
_aA tale of two cities. _fTurkish. |
| 245 | 1 | 0 |
_aİki şehrin hikayesi / _cCharles Dickens ; hazırlayan Murat Küçüker. |
| 264 | 1 |
_aİstanbul : _bKaranfil Yayınları, _c2005. |
|
| 300 |
_a296 pages ; _c23 cm |
||
| 336 |
_2rdacontent _atext _btxt |
||
| 337 |
_2rdamedia _aunmediated _bn |
||
| 338 |
_2rdacarrier _avolume _bnc |
||
| 651 |
_aFrance _xHistory _yRevolution, 1789-1799 _vFiction _984490 |
||
| 651 |
_aFransa _xTarih _yDevrim, 1789-1799 _vRoman _984491 |
||
| 651 | 0 |
_aLondra (İngiltere) _xTarih _y18. yüzyıl _vRoman _95502 |
|
| 700 | 1 |
_aKüçüker, Murat _9133304 _eeditor |
|
| 942 |
_cBK _2lcc |
||
| 999 |
_c200444439 _d62651 |
||